[Event "Diamond Cement GM Open 2018"]
[Site "Chittagong"]
[Date "2018.09.02"]
[Round "1"]
[White "Rahman, Ziaur"]
[Black "Md, Sharif Hossain"]
[Result "1/2-1/2"]
[WhiteElo "2477"]
[BlackElo "2182"]
[Annotator "TA"]
[PlyCount "169"]
[EventDate "2018.09.02"]
[EventCountry "BAN"]
[SourceTitle "playchess.com"]
[Source "ChessBase"]
[SourceQuality "1"]

{[%evp 9,169,13,28,15,7,2,0,0,26,1,26,0,25,19,27,0,95,0,0,0,6,0,11,0,17,10,37,10,34,15,77,62,66,70,77,61,65,24,34,0,0,0,0,-4,-13,-18,-16,-18,-6,-40,0,-8,0,-49,-53,-53,-42,-47,0,-3,-8,-3,0,-9,-20,-50,-50,-58,-50,-57,-67,-113,-120,-122,-101,-126,-79,-76,-69,-87,-90,-118,-43,-81,-70,-89,-31,-43,0,-60,0,-37,0,0,0,0,0,0,0,0,0,0,0,0,0,0,0,0,0,0,0,0,0,0,0,0,0,0,12,25,25,0,591,470,1122,395,2397,1711,1883,6609,12840,12840,12845,12845,12846,12845,12845,12845,12848,12844,12848,12843,12847,12846,12846,12845,12845,12846,12850,0,0,0,0,0,0,0,0,0,0,0,0,0]} 1. Nf3 d5 2. g3 Nc6 3. d4 Nf6 4. Bg2 g6 (4... Bf5 5. O-O e6 6. c3 Be7 7. Bg5 h6 8. Bxf6 Bxf6 9. Nfd2 Ne7 10. e4 dxe4 11. Nxe4 Bxe4 12. Bxe4 c6 13. Qb3 Qc7 14. Nd2 {½-½ (85) Meier,G (2647)-Melkumyan,H (2654) chess.com INT 2018}) 5. Ne5 Bg7 6. Nxc6 {D02: 1 d4 d5 2 Nf3 sidelines, including 2...Nf6 3 g3 and 2...Nf6 3 Bf4} bxc6 7. c3 O-O 8. O-O Bf5 $146 ({Predecessor:} 8... a5 9. Nd2 Re8 10. Nf3 Nd7 11. Re1 Nb6 12. Ne5 Bxe5 13. dxe5 {1-0 (49) Cechovic,S (2181)-Kosar,M (1876) Slovakia 2010}) 9. Nd2 a5 10. Qa4 Ra6 11. Re1 Re8 12. Bf1 Qa8 (12... Ra8 $11) 13. e3 ({White should play} 13. e4 $1 $16 Nxe4 14. Bxa6 Qxa6 15. Nb3) 13... Ra7 $11 14. Nf3 Nd7 15. Nh4 Be6 16. Bg2 f5 17. Qc2 Bf6 18. Nf3 Bf7 19. Bd2 e5 (19... a4 $11 {keeps the balance.}) 20. dxe5 Nxe5 21. Nxe5 Bxe5 22. c4 dxc4 23. e4 Rb7 {[%cal Ba7b7,Bb7b5,Bb5e5][%mdl 32]} 24. Bc3 (24. Rab1 $5 {[%cal Re4f5]}) 24... Bxc3 25. bxc3 fxe4 26. Bxe4 Rb5 27. Re3 Rbe5 28. Rae1 Qd8 29. h4 Qf6 30. R1e2 Bd5 31. f3 Bxe4 32. fxe4 Rf8 33. Rf2 Qxf2+ (33... Qe6 {looks sharper.} 34. Rxf8+ Kxf8 35. a4 Kg7 36. Qd2 c5) 34. Qxf2 Rxf2 35. Kxf2 $15 {[%mdl 4096] Endgame KR-KR} Kf7 36. Re2 Rb5 37. Ke3 c5 38. Kf4 Ke6 39. Rd2 a4 $1 40. Rd8 Rb3 41. Ra8 ({Not} 41. axb3 $2 cxb3 42. Re8+ Kd7 $19) 41... Rxc3 {[#] ...Ra3 is the strong threat.} 42. Rxa4 Rc1 43. Ra6+ Kd7 44. Ke3 $1 Rd1 45. Ra3 Kc6 (45... Rg1 $17 46. Kf3 Rc1) 46. Ke2 Rd8 (46... Rb1 {is more complex.} 47. Ra6+ Kb5 48. Ra7 Rb2+ 49. Kd1 Kb6) 47. Rc3 Kb5 (47... Ra8 $17 48. Ke3 Rxa2 49. Rxc4 Kb5) 48. a3 Rd4 49. Ke3 ({White should try} 49. e5 $1 $11) 49... Kc6 (49... h6 $15) 50. Kf4 Rd1 51. Rxc4 Kb5 52. Rc3 c4 53. e5 {[#] Strongly threatening e6.} Rd4+ 54. Kf3 Kc6 55. Re3 Kd7 56. Re4 Rd3+ 57. Kf4 Rc3 58. e6+ Ke7 59. a4 Rc1 60. Ke5 c6 61. Rf4 c3 62. Rf7+ Ke8 63. Kd4 h5 64. Kd3 {Hoping for a5.} c2 65. Rg7 Rg1 $2 {[%mdl 8192]} (65... Ra1 $11 {and Black is okay.} 66. Kxc2 Rxa4) 66. Kxc2 $18 Rxg3 (66... Rg2+ $142 67. Kd1 Ra2) 67. Kb2 $2 (67. a5 Ra3 68. Ra7) 67... Kf8 $2 (67... Rg2+ 68. Kc3 Rg4) 68. Rf7+ Ke8 69. a5 {[%cal Ba4a5,Ba5a6,Ba6a7][%mdl 32]} Rg4 70. a6 Rxh4 71. a7 {[%cal Ra7a8]} Ra4 72. Kb3 Ra6 73. Rh7 Kf8 74. Kc4 h4 75. Kd4 h3 76. Ke5 {Intending Rh8+ and mate.} Kg8 77. e7 Kxh7 78. e8=Q Rxa7 {KQ-KR} 79. Qc8 $2 (79. Kf6 $18 Rg7 80. Qc8) 79... Ra5+ $11 {The position is equal.} 80. Kf4 {White wants to mate with Qc7+.} h2 81. Qxc6 Rh5 82. Qh1 Kh6 83. Kg3 Rg5+ 84. Kf3 Rh5 85. Kg3 {Precision: White = 45%, Black = 44%.} 1/2-1/2

[Event "Diamond Cement GM Open 2018"]
[Site "Chittagong"]
[Date "2018.09.02"]
[Round "1"]
[White "Barua, Dibyendu"]
[Black "Subrota, Biswas"]
[Result "1-0"]
[WhiteElo "2443"]
[BlackElo "2168"]
[Annotator "TA"]
[PlyCount "69"]
[EventDate "2018.09.02"]
[EventCountry "BAN"]
[SourceTitle "playchess.com"]
[Source "ChessBase"]
[SourceQuality "1"]

{[%evp 14,69,2,3,73,64,77,73,63,71,86,76,85,76,89,89,99,81,78,85,97,90,109,88,138,119,247,216,200,200,394,402,427,364,389,386,588,589,655,486,955,958,983,945,1686,1595,2059,2029,1396,944,939,934,906,613,606,620,613,612]} 1. e4 c6 2. d4 d5 3. exd5 cxd5 4. c4 Nc6 5. Nc3 Nf6 6. Bg5 dxc4 7. d5 Ne5 8. Qd4 {LiveBook: 81 Games} Ned7 {B13: Caro-Kann: Exchange Variation and Panov-Botvinnik Attack} (8... h6 $11) (8... h6 9. Bf4 Ng6 10. Bxc4 Nxf4 11. Qxf4 g5 12. Qe3 Bg7 13. Nf3 O-O 14. O-O b5 15. Nxb5 Ba6 16. Rad1 Bxb5 17. Bxb5 Nxd5 {1-0 (33) Cyborowski,L (2518)-Mastrovasilis,D (2606) Poland 2016}) 9. Bxc4 $16 g6 10. Nf3 Bg7 {White is better.} 11. O-O O-O 12. Qh4 a6 13. a3 $146 ({Predecessor:} 13. Rad1 b5 14. Bb3 Bb7 15. Rfe1 Re8 16. Ne5 Nxe5 17. Rxe5 Qd6 18. Re3 b4 19. Ne4 Nxe4 {½-½ (19) Bongiovanni,M (2260)-Vignato,G (2120) Cecchina 1997}) 13... b5 14. Ba2 Bb7 15. Rad1 Rc8 16. Rfe1 Re8 17. h3 Qb6 18. Be3 Qd8 19. Ng5 Qa5 (19... Ne5 $16) 20. d6 e6 21. Bd4 h6 $2 {[#]} (21... Qd8 22. Bxf6 Qxf6) 22. Nxe6 $1 $18 {[%mdl 512]} fxe6 (22... Rxe6 23. Rxe6) 23. Rxe6 Rxe6 24. Bxe6+ Kh7 {[#]} (24... Kh8 $142 25. Bxd7 g5 26. Bxc8 gxh4 27. Bxb7 Nd7) 25. Bxd7 $1 {White is clearly winning.} Rf8 26. Be6 g5 (26... Qd8 $142 27. d7 Qe7) 27. Qg3 b4 28. axb4 Qxb4 29. d7 Rd8 30. Qd3+ Kh8 31. Qg6 Qe7 32. Bf5 Kg8 33. Bb6 Rxd7 34. Bxd7 Nxd7 35. Bd4 {Precision: White = 88%, Black = 31%.} 1-0

[Event "Diamond Cement GM Open 2018"]
[Site "Chittagong"]
[Date "2018.09.02"]
[Round "1"]
[White "Neelash, Saha"]
[Black "Anata, Choudhury"]
[Result "1-0"]
[WhiteElo "2373"]
[BlackElo "2109"]
[Annotator "TA"]
[PlyCount "149"]
[EventDate "2018.09.02"]
[EventCountry "BAN"]
[SourceTitle "playchess.com"]
[Source "ChessBase"]
[SourceQuality "1"]

{[%evp 17,149,-4,-5,-39,-27,-38,-36,-30,-14,-29,-29,-33,-26,-32,6,0,0,-37,-32,-69,-71,-52,0,-39,0,0,0,-3,0,-26,-39,-41,-26,-41,-27,-46,0,-21,-13,-16,-14,-16,-16,-53,-15,-37,0,-17,-15,-19,5,5,5,12,14,0,0,0,0,-15,-15,-26,-14,-24,-30,-29,-15,-50,0,0,0,-37,0,0,11,5,17,12,15,10,97,97,184,189,188,193,193,175,167,139,139,0,90,0,87,0,0,0,139,139,597,597,585,597,596,590,582,566,556,264,522,504,450,451,328,233,906,906,637,580,572,530,12833,8755,12838,12837,12843,12843,12845,12846,12846,12842,12843,12843]} 1. d4 Nf6 2. Bg5 c5 3. d5 Qb6 4. Nc3 Qxb2 5. Bd2 Qb6 6. e4 {A45: Trompowsky Attack} e5 7. Rb1 Qd8 8. f4 d6 9. Nf3 Nbd7 {LiveBook: 10 Games} 10. Bd3 (10. Bc4 a6 11. fxe5 Nxe5 12. Nxe5 dxe5 13. a4 Bd6 14. O-O h6 15. Qf3 Rb8 {½-½ (60) Rapport,R (2707)-Bu,X (2730) Riadh 2017}) 10... Be7 11. O-O O-O $146 ({Predecessor:} 11... exf4 12. Bxf4 O-O 13. Nb5 Ne8 14. a4 f6 15. Bc4 Kh8 {1-0 (60) Makaj,M (2351)-Machata,M (2218) Zagreb 2012}) 12. a4 a6 13. Qe2 exf4 14. Bxf4 Ng4 15. Nd1 Nde5 16. Nxe5 Nxe5 17. Ne3 Bf6 18. Bxe5 Bxe5 19. Nc4 Qe7 (19... Bd4+ $15 20. Kh1 b5 $1 {[%mdl 512]} 21. axb5 axb5 22. Rxb5 Ba6) 20. Kh1 Qc7 (20... b5 $5 {[%cal Rb5c4]} 21. Nxe5 Qxe5 22. axb5 axb5 23. Bxb5 f5 $15) 21. Rb6 Re8 22. Rfb1 Ra7 23. R6b3 b5 24. axb5 axb5 25. Nxe5 Rxe5 26. Rxb5 g6 (26... f5 $5 {[%cal Rc5c4]} 27. c4 fxe4 28. Bxe4 Qe7 $11) 27. Qf1 Kg7 28. Rb6 Qe7 29. Rb8 Bd7 30. h3 Qg5 (30... c4 $5 31. Bxc4 Rxe4 $11) 31. R8b6 Qe7 (31... c4 $5 32. Bxc4 Rxe4 $11) 32. Ra1 Rxa1 33. Qxa1 Bc8 34. Rb8 Bd7 35. Rb7 {Strongly threatening Bb5.} Qd8 $1 36. Qa7 Be8 37. Qa6 Qf6 38. Rb1 Re7 39. Rb6 Qf4 40. Qa1+ ({But not} 40. Rxd6 $2 c4 $1 $19 {[%mdl 512]}) 40... f6 41. Rb1 Bf7 42. Qa6 Rc7 43. Qa5 $36 {[%mdl 2048] White has good play.} Re7 44. Qc3 Qe5 (44... Re5 {is interesting.} 45. Rf1 Qg5 46. Rf2 h5 47. Kh2 Re8) 45. Qxe5 fxe5 $11 {[%mdl 4096] Endgame KRB-KRB} 46. Rb8 {Black must now prevent Rd8.} Re8 47. Rb7 {Rd7 is the strong threat.} Rd8 $1 48. h4 {[%cal Bh3h4,Bh4g5][%mdl 32]} Kf6 (48... h5 $11 {remains equal.}) 49. g4 $16 {[%cal Bg2g4,Bg4g5][%mdl 32]} h6 {[#]} (49... Kg7 $16 {is a better defense.}) 50. g5+ $1 $18 {[%mdl 512]} hxg5 51. hxg5+ Kg7 52. Kg2 Kf8 53. Bb5 Ra8 54. Rc7 (54. Kf3 $16) 54... Rb8 (54... Ra2 $11) 55. Bd3 (55. c4 $16) 55... Rd8 {[#]} (55... Be8 $11) 56. Ra7 (56. Rb7 $1 $16) 56... Be8 $11 57. Be2 Rd7 {[#]} (57... Rb8 $11 {keeps the balance.}) 58. Ra6 $1 $16 Ke7 $2 {[%mdl 8192]} (58... Rd8 $16) 59. Bb5 $18 Rd8 60. Bxe8 Kxe8 {KR-KR} 61. Kf3 Rd7 62. Ke3 Ke7 63. Kd3 (63. Ra8 $142 Rd8 64. Ra1) 63... Rb7 64. Ra8 Rb4 65. Ra7+ Ke8 {intending ...Rd4+.} 66. c3 Rb1 $2 (66... c4+ 67. Kc2 Rb3) 67. Rg7 {White is clearly winning.} Rd1+ 68. Ke2 Rc1 69. Rxg6 Rxc3 70. Rxd6 Rg3 71. Re6+ Kf7 72. Rxe5 Kg6 73. d6 {White wants to mate with d7.} Rg2+ 74. Kd3 Rg1 75. Rd5 {Precision: White = 46%, Black = 36%.} 1-0

[Event "Diamond Cement GM Open 2018"]
[Site "Chittagong"]
[Date "2018.09.02"]
[Round "1"]
[White "Mohammad, Minhaz Uddin"]
[Black "Ahmed, Mainuddin"]
[Result "1-0"]
[WhiteElo "2328"]
[BlackElo "2095"]
[Annotator "ChessBase"]
[PlyCount "171"]
[EventDate "2018.09.02"]
[EventCountry "BAN"]
[SourceTitle "playchess.com"]
[Source "ChessBase"]
[SourceQuality "1"]

1. e4 c5 2. Nf3 d6 3. d4 cxd4 4. Nxd4 Nf6 5. Nc3 g6 6. Bc4 Bg7 7. f3 Nc6 8. Be3 Bd7 9. Qd2 Rc8 10. Bb3 Ne5 11. Bh6 Nc4 12. Bxc4 Bxh6 13. Bxf7+ Kxf7 14. Qxh6 Qb6 15. O-O-O Rc4 16. Nde2 Rhc8 17. h4 Qa5 18. Rd5 Qd8 19. h5 Qf8 20. hxg6+ hxg6 21. Qxf8+ Rxf8 22. Rg5 Rfc8 23. Ra5 a6 24. Rd1 Bb5 25. Rd2 Bd7 26. Nd1 Rh8 27. Ne3 Rcc8 28. Rd1 Be6 29. e5 dxe5 30. Rxe5 Bxa2 31. Nd4 Nd7 32. Ng4 Nxe5 33. Nxe5+ Kg7 34. b3 Rh5 35. f4 g5 36. f5 Rh2 37. Rd2 Rh1+ 38. Kb2 Bb1 39. Ng4 Rg1 40. Re2 Kf7 41. Nf3 Rxc2+ 42. Rxc2 Bxc2 43. Nxg1 Bxf5 44. Ne3 Be4 45. Kc3 Kf6 46. Kd4 Bc6 47. g3 a5 48. Ng4+ Kf5 49. Ne5 Be8 50. Nh3 a4 51. bxa4 Bxa4 52. Nf2 Be8 53. g4+ Kf4 54. Nh3+ Kg3 55. Nxg5 Bd7 56. Nxd7 Kxg4 57. Ne6 Kf5 58. Ndf8 Kf6 59. Kc5 Ke5 60. Kb6 Kd6 61. Kxb7 Kd5 62. Kc7 Ke5 63. Kc6 Ke4 64. Nd7 Kd3 65. Kd5 Ke3 66. Ne5 Kd2 67. Kd4 Kc2 68. Nf3 Kb3 69. Kd3 Kb4 70. Nfd4 Ka5 71. Kc4 Kb6 72. Kb4 Ka6 73. Nc6 Kb6 74. Na5 Ka6 75. Nc4 Ka7 76. Kc5 Kb7 77. Kb5 Ka7 78. Na5 Kb8 79. Kb6 Kc8 80. Kc6 Kb8 81. Nb7 Kc8 82. Nbc5 Kb8 83. Kd7 Ka8 84. Kc7 Ka7 85. Nd4 Ka8 86. Nc6 1-0

[Event "Diamond Cement GM Open 2018"]
[Site "Chittagong"]
[Date "2018.09.02"]
[Round "1"]
[White "Mohammed Abdul, Malek"]
[Black "Lalith, Babu M R"]
[Result "1/2-1/2"]
[WhiteElo "2186"]
[BlackElo "2527"]
[Annotator "TA"]
[PlyCount "53"]
[EventDate "2018.09.02"]
[EventCountry "BAN"]
[SourceTitle "playchess.com"]
[Source "ChessBase"]
[SourceQuality "1"]

{[%evp 16,53,22,8,27,23,23,29,28,15,73,66,80,84,122,106,95,52,63,66,58,65,113,102,102,69,76,76,75,64,93,87,77,74,81,0,76,0,78,0]} 1. d4 Nf6 2. c4 e6 3. Nf3 d5 4. Nc3 Bb4 5. e3 O-O 6. Bd3 c5 7. O-O dxc4 8. Bxc4 Nc6 9. dxc5 {LiveBook: 8 Games. E54: Nimzo-Indian: Rubinstein: Main Line: 7...dxc4 8 Bxc4} (9. Bd3 h6 10. dxc5 Bxc5 11. a3 Bd6 12. b4 Ne5 13. Nxe5 Bxe5 14. Bb2 Nd5 15. Qd2 b6 16. Nxd5 Qxd5 {½-½ (61) Jones,G (2660)-Cornette,M (2606) Porticcio 2017}) 9... Bxc3 10. Qxd8 Rxd8 11. bxc3 {White has an edge.} Ne4 12. Ba3 Na5 $146 (12... e5 $11 {keeps the balance.}) ({Predecessor:} 12... e5 13. h3 Bf5 14. Rfd1 Kf8 15. Rab1 Nd2 16. Nxd2 Bxb1 17. Rxb1 Rxd2 18. Rxb7 Nd8 19. c6+ Kg8 20. Rd7 Rxd7 21. cxd7 Rb8 22. Bd5 {1-0 (22) Blesic,V (2363)-Ileana,G (2224) Novi Sad 2016}) 13. Rfd1 $16 {[%cal Rd1d8]} Bd7 {[#]} 14. Bf1 $1 Be8 15. Rd4 f5 16. Rc1 Rdc8 17. Bb4 Nc6 18. Rdd1 Rc7 19. Nd4 Nd8 20. Bb5 Bh5 21. f3 Nxc5 22. Bc4 Bf7 23. Nb5 Rcc8 24. Nd6 Rc7 25. Nb5 Rcc8 $1 26. Nd6 Rc7 $1 27. Nb5 {Precision: White = 61%, Black = 54%.} ({White should play} 27. Be2 $16) 1/2-1/2

[Event "Diamond Cement GM Open 2018"]
[Site "Chittagong"]
[Date "2018.09.02"]
[Round "1"]
[White "Mehdi, Hasan Parag"]
[Black "Mollah Abdullah Al Rakib"]
[Result "*"]
[WhiteElo "2180"]
[BlackElo "2472"]
[Annotator "TA"]
[PlyCount "70"]
[EventDate "2018.09.02"]
[EventCountry "BAN"]
[SourceTitle "playchess.com"]
[Source "ChessBase"]
[SourceQuality "1"]

{[%evp 17,70,26,36,-9,34,31,11,17,33,41,32,33,35,31,42,39,47,22,17,0,0,0,0,0,0,0,0,-29,0,-10,-8,-11,0,-17,-31,-18,-18,-22,-25,-93,-93,-104,-96,-99,-38,-136,-101,-100,-99,-90,-95,-197,-186,-222,-203]} 1. e4 e5 2. Nf3 Nc6 3. Bc4 Nf6 4. d3 h6 5. O-O d6 6. a4 g6 {C55: Zweispringerspiel} 7. a5 (7. d4 exd4 8. Nxd4 Nxd4 9. Qxd4 Bg7 10. Nc3 O-O 11. Qd3 Re8 12. Ba2 Be6 13. Bxe6 Rxe6 14. f3 {0-1 (37) Fedorchuk,S (2624)-Ivanchuk,V (2722) Sibenik 2016}) 7... a6 8. c3 Bg7 9. Nbd2 {[%cal Bb1d2,Bd2f1,Bf1e3][%mdl 32]} O-O {LiveBook: 4 Partien} 10. Qb3 Nh5 11. Re1 Nf4 $146 ({Vorgänger:} 11... Rb8 12. Qa2 Nf4 13. b4 Ne7 14. Nf1 Bg4 15. Bxf4 exf4 {0-1 (25) Okhremchuk,M-Lavrov,M (2018) Tomsk 2007}) 12. Nf1 Qf6 13. Bxf4 Qxf4 14. Ne3 {Schwarz muss nun Sd5 beachten.} Qf6 15. Qa2 h5 16. b4 Bh6 17. d4 (17. Nd5 {with more complications.} Qd8 18. h3 Be6 19. Bb3 Ne7 20. Ne3) 17... Bg4 18. dxe5 Nxe5 19. Nxe5 Qxe5 20. Nxg4 hxg4 21. Qc2 Rae8 22. Rab1 c6 23. Re2 Kg7 24. Qd3 Rh8 25. Qd4 Bg5 26. Qxe5+ dxe5 27. g3 Rd8 28. Rf1 (28. Ra2 $11) 28... Bd2 $17 29. f3 Bxc3 30. fxg4 {[#]} Rhf8 (30... Rd7 $1 $17 31. g5 Bxb4) 31. Kg2 (31. Rc1 $15 Bd2 32. Rc2) 31... Rd7 $36 {[%mdl 2048] Schwarz bestimmt, wo es lang geht.} (31... Bxb4 32. Rb2 $15) 32. Rb1 Rd4 33. Ba2 Rfd8 34. Kf3 (34. Rf1 $17 {war nötig.} R8d7 35. Kh3) 34... Rxb4 $19 ({Auf keinen Fall} 34... Bxb4 35. g5 $15) 35. Rxb4 Rd3+ {Precision: Weiß = 33%, Schwarz = 53%.} *

[Event "Diamond Cement GM Open 2018"]
[Site "Chittagong"]
[Date "2018.09.02"]
[Round "1"]
[White "S, M Sharon"]
[Black "Murshed, Niaz"]
[Result "0-1"]
[WhiteElo "2163"]
[BlackElo "2408"]
[Annotator "TA"]
[PlyCount "75"]
[EventDate "2018.09.02"]
[EventCountry "BAN"]
[SourceTitle "playchess.com"]
[Source "ChessBase"]
[SourceQuality "1"]

{[%evp 13,75,25,96,89,91,111,100,100,130,129,223,135,135,133,132,-4,80,86,76,70,115,118,122,116,118,114,145,41,34,12,9,0,0,0,0,0,0,0,0,0,0,-360,-385,-454,-489,-438,-464,-450,-453,-956,-973,-807,-754,-5385,-5385,-2071,-1081,-1076,-1071,-1061,-1039,-986,-985,-847]} 1. e4 g6 2. d4 Bg7 3. Nc3 d6 4. Be3 c6 5. f4 b5 6. Bd3 Nd7 {B06: Moderne Verteidigung} (6... Qb6 7. Nf3 Bg4 8. Ne2 Bxf3 9. gxf3 e6 10. c3 Nd7 11. a4 b4 12. a5 Qb7 13. Qb3 Rb8 14. c4 {½-½ (46) Almasi,Z (2707)-Ivanchuk,V (2775) Beijing 2011}) 7. Nf3 a6 {LiveBook: 3 Partien} (7... e5 $11) 8. O-O $16 Ngf6 $146 {Weiß steht besser.} ({Vorgänger:} 8... Nb6 9. e5 b4 10. Ne4 Nh6 11. h3 f5 12. Neg5 Nd5 13. Bd2 O-O 14. c4 {1-0 (32) Bokros,A (2487)-Csala,I (2205) Harkany 2009}) 9. e5 {[%cal Be4e5,Be5e6][%mdl 32]} Ng4 10. Bd2 c5 {Droht ...cxd4.} 11. Ng5 Nh6 (11... dxe5 $16 12. Qxg4 exd4) 12. e6 Bxd4+ 13. Kh1 {exf7+ ist eine echte Drohung.} Nf6 {[#]} 14. Nxb5 ({Der einzige Zug:} 14. f5 $1 $16) 14... axb5 (14... Bxb2 $11 {hält das Gleichgewicht.} 15. Rb1 axb5 16. Bxb5+ Kf8) 15. Bxb5+ Kf8 {Droht ...c4 und aus.} 16. c3 Qb6 17. a4 Bxe6 18. Nxe6+ fxe6 19. cxd4 cxd4 20. Qb3 (20. b4 $16) 20... Ne4 $14 21. Qxe6 Nxd2 22. f5 Nxf1 23. Rxf1 Nxf5 {[#] Und ...Tg8 würde nun gewinnen.} 24. Bc4 {[%csl Gc4][%cal Re6f7]} Ke8 $1 {[%cal Re8d8]} 25. Bb5+ Kf8 {Droht stark ...Tg8.} 26. Bc4 {[%csl Gc4][%cal Re6f7]} Ke8 $1 {[%cal Re8d8]} 27. g4 $2 {[%mdl 8192]} (27. Bb5+ $11 {und Weiss ist OK.} Kf8) 27... Ra5 $19 ({Jedoch nicht} 27... Qxb2 $2 28. Bb5+ Qxb5 29. axb5 $18) 28. gxf5 Qb7+ {Schwarz steht klar auf Gewinn.} 29. Kg1 Re5 30. Qf7+ Kd8 31. b3 (31. Qg7 $142 Re8 32. Bb5) 31... Qe4 32. Qg7 Re8 {Und weiter mit ...d3 wäre nett.} 33. Bb5 Qg4+ 34. Kh1 Rxf5 35. Rxf5 gxf5 {[%cal Bg6f5,Bf5g4][%mdl 32]} 36. Qxg4 fxg4 37. a5 Rf8 38. Bc4 {Precision: Weiß = 43%, Schwarz = 42%.} 0-1

[Event "Diamond Cement GM Open 2018"]
[Site "Chittagong"]
[Date "2018.09.03"]
[Round "2"]
[White "Mollah Abdullah, Al Rakib"]
[Black "Islam, Kh. Aminul"]
[Result "1-0"]
[WhiteElo "2472"]
[BlackElo "2273"]
[Annotator "TA"]
[PlyCount "73"]
[EventDate "2018.09.02"]
[EventCountry "BAN"]
[SourceTitle "playchess.com"]
[Source "ChessBase"]
[SourceQuality "1"]

{[%evp 16,73,33,25,52,52,72,64,129,122,143,127,129,111,109,102,107,108,93,67,202,190,196,194,187,204,234,233,214,227,224,155,162,166,154,161,153,163,172,142,142,142,149,152,150,149,147,128,150,139,150,147,329,305,302,300,400,402,392,385]} 1. d4 Nf6 2. Nf3 e6 3. c4 Bb4+ 4. Nc3 c5 5. g3 O-O 6. Bg2 d5 7. cxd5 Nxd5 8. Bd2 Nc6 9. Nxd5 {LiveBook: 3 Games. E20: Nimzo-Indian: 4 g3 and 4 f3} Qxd5 10. Bxb4 Nxb4 11. O-O {White is better.} Qh5 $146 (11... Qd6 $14) ({Predecessor:} 11... cxd4 12. Nxd4 Qa5 13. a3 Nd5 14. Qb3 Rd8 15. Rfc1 Bd7 16. Bxd5 Qxd5 17. Qxd5 exd5 {1-0 (35) Melkumyan,H (2678)-Kern,G (2340) Bad Wiessee 2014}) 12. Qa4 $16 Na6 13. Qb5 Qd5 14. Rfd1 c4 15. Qa4 b5 16. Qa5 Bb7 {[#]} 17. e4 $1 {[%mdl 512]} Qc6 {[#]} ({Better is} 17... Qd6 $1 $14) (17... Qxe4 18. Ne1) 18. a4 $1 $36 {[%cal Ra4b5][%mdl 2048] Black is under strong pressure.} bxa4 19. Ne5 {[%cal Bf3e5,Be5c4,Bc4d6][%mdl 32]} ({Don't do} 19. Rxa4 $6 Qb6) ({Much less strong is} 19. Qxa4 $6 Qxa4 20. Rxa4 Rfd8 $16) 19... Qc7 20. Qxa4 Rfc8 21. Rac1 Qb6 22. Nxc4 Qb4 23. Qxb4 Nxb4 24. Nd6 Rxc1 25. Rxc1 Bc6 26. Rc5 Kf8 27. d5 exd5 28. exd5 Bxd5 29. Bxd5 Rd8 30. Bxf7 Rxd6 $16 {[%mdl 4096] Endgame KRB-KRN} 31. Rc7 Rd1+ 32. Kg2 Rd2 33. Bc4 {Threatens to win with Rf7+.} Rxb2 $2 (33... Rc2 $16 34. b3 Nd5 35. Rxa7 Ne3+ 36. Kf3 Nxc4) 34. Rf7+ $18 ({Less strong is} 34. Rxa7 Rc2 $16) 34... Ke8 35. Rxg7 Nc6 36. Rxh7 Ne5 37. Rh4 {Precision: White = 84%, Black = 47%.} 1-0

[Event "Diamond Cement GM Open 2018"]
[Site "Chittagong"]
[Date "2018.09.03"]
[Round "2"]
[White "Murshed, Niaz"]
[Black "Rahman, Md. Taibur"]
[Result "1/2-1/2"]
[WhiteElo "2408"]
[BlackElo "2217"]
[Annotator "TA"]
[PlyCount "24"]
[EventDate "2018.09.02"]
[EventCountry "BAN"]
[SourceTitle "playchess.com"]
[Source "ChessBase"]
[SourceQuality "1"]

{[%evp 22,24,-6,-6,252]} 1. c4 e6 2. Nf3 d5 3. g3 Nf6 4. Bg2 dxc4 5. Qa4+ c6 6. Qxc4 b5 7. Qb3 Bb7 8. O-O Nbd7 9. d4 a6 10. a4 c5 11. axb5 Bd5 12. Qc2 $146 {LiveBook: 76 Games. D30: Queen's Gambit Declined: Systems without Nc3} Nb8 $2 {[%mdl 40960] An unexpected result.} (12... axb5 $11 13. Rxa8 Qxa8) 1/2-1/2